Modern Indian English Poetry (Record no. 82306)

MARC details
000 -LEADER
fixed length control field 00305nam a2200121Ia 4500
008 - FIXED-LENGTH DATA ELEMENTS--GENERAL INFORMATION
fixed length control field 221102s9999 xx 000 0 und d
041 ## - LANGUAGE CODE
Language code of text/sound track or separate title eng
082 ## - DEWEY DECIMAL CLASSIFICATION NUMBER
Item number Cha
100 ## - MAIN ENTRY--PERSONAL NAME
Personal name Chaudhary Nandita
9 (RLIN) 95170
245 ## - TITLE STATEMENT
Title Modern Indian English Poetry
250 ## - EDITION STATEMENT
Edition statement 1
260 ## - PUBLICATION, DISTRIBUTION, ETC. (IMPRINT)
Name of publisher, distributor, etc. Swastik publication
Date of publication, distribution, etc. 1905-07-06
Holdings
Withdrawn status Lost status Damaged status Not for loan Collection code Home library Current library Date acquired Full call number Barcode Date last seen Bill Date Koha item type Original Barcode
        BA College Of Computer Application For Women , Satara College Of Computer Application For Women , Satara 17/08/2021 CHA BCAS-B-905 04/11/2022 04/11/2022 Books B00905